Estadísticas para Países que Limitan con Tanzania

Haz click aquí para tomar la prueba!

Estadísticas generales

  • Esta prueba ha sido tomada 4.646 veces
  • La puntuación promedio es 8 de 8

Respuestas en el mapa

Las respuestas están codificadas por una escala verde-roja en el mapa de la prueba según el % correcto abajo.
 

Estadísticas de respuestas

LongitudPaís% Correcto
769 kmKenia
97%
459 kmR. D. Congo
97%
756 kmMozambique
96%
396 kmUganda
95%
217 kmRuanda
94%
338 kmZambia
94%
475 kmMalaui
90%
451 kmBurundi
88%

Distribución de puntuación

Porcentaje por número respondido

Porcentaje de gente con cada puntuación

Historial de tus puntuaciones

No has tomado esta prueba